000 00354nam a2200145Ia 4500
008 230711s9999||||xx |||||||||||||| ||und||
041 _aENG
082 _a624
_bCR-E
100 _aCroft,Meyers
245 0 _aEngineering graphics
250 _a1st Ed.
260 _c1989
_aNew York
_bJohn Wiley & Sons.Inc
650 _aMechanical Engineering
942 _cBK
999 _c3527
_d3527